00306nam a2200097 a 450000500170000000800410001705000170005824500620007565000090013765000620014620141022142006.0080929s19uu xx 00 eng d aCDbL62 2000 aGet anyone to do anything and never feel powerless again. aACD. aGet anyone to do anything and never feel powerless again.